00357nam a2200121Ia 45000010005000000080041000050820019000461000075000652450030001402600023001709010027001939990015002201783241024s9999 xx 000 0 und d aRD/372/R426e/4 aRepública Dominicana.Secretaría de Estado de Educación y Cultura 0aEducación Artística 4 bEd. Corripioc1999 a27/9/2011 9:13:42 a.m. c8589d8589